| 000 | 00528nam a2200205Ia 4500 | ||
|---|---|---|---|
| 005 | 20241010045800.0 | ||
| 008 | 240331s9999 xx 000 0 und d | ||
| 020 | _a0415073278 | ||
| 082 |
_bMID _a820 |
||
| 100 | _aMiddleton, P | ||
| 245 | 4 |
_aThe inward gaze : _bmasculinity and subjectivity in modern culture |
|
| 260 |
_aLondon _bRoutledge _c1992 |
||
| 300 | _aix, 250 p ., | ||
| 650 | _aEnglish Literature | ||
| 650 | _aPsychology | ||
| 650 | _aCivilization | ||
| 650 | _aCriticism | ||
| 650 | _aModernism | ||
| 942 | _cL | ||
| 999 |
_c3147 _d3147 |
||